000 01983cam a22002775a 4500
001 E145893
008 081120s2008 xxk s000 0 eng u
020 _a9780755972685
035 _a(Sirsi) u145893
041 0 _aeng
050 0 4 _a711.1 $2 18
110 2 _aScotland
_bScottish Government
_95344
245 0 0 _aSpatial frameworks and supplementary planning guidance for wind farms
_bPAN 45 annex 2
_h[electronic resource]
260 _aEdinburgh
_bScottish Government
_c2008
490 0 _aPlanning Advice Note
_v45 Annex 2
505 2 _aIntroduction -- Context for preparing SPG -- Community and stakeholder involvement -- Strategic environmental assessment -- The principle -- Aims of the SPG's spatial framework -- The process of preparing a spatial framework: stage 1 areas afforded significant protection; stage 2 other constraints and policy criteria; stage 3 refining areas with no significant constraints; stage 4 identifying broad areas of search -- SPP6 and SPG: key items checklist -- Other SPG considerations: landscape/visual assessments; criteria based policies; forestry; applications of 20 MW and below; single turbines; in-shore proposals -- Conclusion -- Appendix 1 advice on the use of suspensive conditions
520 _aThis Planning Advice Note (PAN) provides information to planning authorities on supplementary planning guidance for wind farms, especially relating to the preparation of spatial frameworks for wind farms which have a capacity of over 20 megawatts.
520 _aAnnex to Planning Advice Note (PAN) 45 Renewable planning technologies (ISBN 0755903722).
650 _aPAN45
650 _aPLANNING ADVICE NOTES
651 4 _aScotland
_y1999-
690 _aENVIRONMENTAL AND LAND CONSULTANCY-PLANNING AND DEVELOPMENT
690 _aENVIRONMENTAL AND LAND CONSULTANCY-ENERGY-RENEWABLE ENERGY
856 4 0 _uhttps://www.scotland.gov.uk/Resource/Doc/244403/0068333.pdf
_zView the PAN free of charge at www.scotland.gov.uk
942 _n0
999 _c108959
_d108959